Retrouve la célébrité grâce à sa page Wikipédia - Statistiques

Statistiques générales
  • Ce quiz a été pris 769 fois
  • Le résultat moyen est 24 sur 50
Statistiques - réponses
Indice Réponse % Correct
Mon nom de scène est The Rock. Je suis un catcheur professionnel, acteur et producteur américo-canadien. Dwayne Johnson
88%
Je suis un footballer international qui a évolué au poste d'attaquant au Real Madrid de 2009 à 2018 et qui joue maintenant à la Juventus de Turin. Je suis considéré comme l'un des meilleurs joueurs de l'histoire de mon sport, et pour preuve j'ai remporté diverses récompenses comme de nombreux Ballon d'Or. Cristiano Ronaldo
74%
Je suis un homme politique né à Hawaï en 1961. J'ai marqué l'histoire lors de l’élection présidentielle des USA en 2008. Barack Obama
70%
Je suis né en 1994 au Canada. Je me suis fait repéré en 2008 après avoir posté des vidéos sur Youtube. Je suis devenu une star internationale et le plus jeune artiste à placer mon premier album en tête du Billboard 2000. Justin Bieber
68%
Je suis une romancière et scénariste anglaise. Je dois ma notoriété à une saga fantastique vendue à plus de 500 millions d'exemplaires dans le monde. JK Rowling
67%
Né en 1986, je suis un athlète jamaïcain spécialiste des épreuves de sprint. Durant ma carrière qui s'est achevée en 2017, j'ai gagné de nombreux titres, je suis d'ailleurs l'athlète le plus titré des JO en sprint, ce qui me permet d'être considéré comme le meilleur de tous les temps dans ma catégorie. Usain Bolt
67%
Né en 1991 en Angleterre, je suis depuis 2011, la date de sortie de mon premier album, un auteur-compositeur-interprète et guitariste mondialement connu. Avant ma reconnaissance, j'ai vécu dans la rue et me faisait harceler pour ma rousseur. Ed Sheeran
63%
Je suis un chanteur américain né en 1958 et mort en 2009 d'une overdose de médicaments. J'ai commencé ma carrière à 11 ans au sein d'un groupe formé avec mes frères. Michael Jackson
62%
Née en 1926 à Londres, je suis la souveraine britannique ayant régnée le plus longtemps. Même si j'ai connu des moments difficiles, j'ai toujours pu compter sur le public auprès de qui j'ai une grande popularité. Elizabeth II
61%
Je suis un joueur de tennis depuis 2001 considéré par de nombreux spécialistes comme le meilleur joueur sur terre battue. En effet, j'ai remporté 19 tournois du Grand Chelem et suis le seul à avoir remporté 12 titres en simple. Rafael Nadal
61%
Je suis un américain ayant vécu entre 1901 et 1966. J'ai fondé ma société en 1923 et devenu progressivement l'un des producteurs de films les plus célèbres. Je suis également le créateur du premier "parc à thème". Walt Disney
61%
Je suis une chanteuse de RnB américaine auparavant meneuse d'un girlsband. J'ai vendu plus de 185 millions d'albums et The New Yorker m'a considéré comme étant la musicienne la plus populaire, la plus importante et la plus influente du XXIème siècle. Beyoncé
60%
Je suis une chanteuse ayant remporté l'Eurovision en 1988 en représentant la Suisse. Interprétant aussi bien des chansons en anglais qu'en français, je me suis fait mondialement connaitre en interprétant la bande originale d'un célèbre film dramatique. Céline Dion
59%
Née en 1990 à Paris, je suis devenue célèbre en jouant dès mon enfance l'un des trois rôles principaux d'une célèbre saga fantastique. Actrice engagée, j'ai été nommée ambassadrice de Bonne Volonté par l'ONU Femmes en 2014. Emma Watson
59%
Née en 1980 à Los Angeles, je suis une personnalité médiatique vedette d'une téléréalité depuis 2007. Je suis mariée depuis 2014 à un célèbre rappeur avec qui j'ai eu 4 enfants. Kim Kardashian
59%
Mon nom de naissance est Marshall Bruce Mathers III mais je suis connu sous mon nom de scène ou encore grâce à mes surnoms tels que Slim Shady ou Rap God. En 2020, j'ai battu mon propre record de mots les plus prononcés en 30 secondes sur ma chanson Godzilla. Eminem
58%
Je suis une actrice née en 1969. J'accède à la reconnaissance internationale en interprétant de 1994 à 2004 le personnage de Rachel Green dans une sitcom à succès. Durant une partie de cette période, j'ai été mariée à un acteur avant de divorcer pour ses infidélités avec une autre actrice. Jennifer Aniston
58%
Nous sommes un boysband anglo-irlandais formé en 2010 et composé de 5 membres. Après le départ de l'un des notres, nous avons décidé de nous séparer en 2015. One Direction
58%
Je suis un ancien sportif anglais. J'ai épousé en 1999 une ancienne chanteuse devenue styliste avec qui j'ai eu 4 enfants. David Beckham
57%
Je suis un acteur américain interprétant principalement des personnages excentriques.De 1998 à 2012, j'ai été le compagnon d'une chanteuse française avec qui j'ai eu 2 enfants. Johnny Depp
56%
Je suis un ancien joueur de basketball ayant évolué en NBA de 1984 à 2003. J'ai souvent été considéré comme étant l'un des plus grands champions de tous les temps, tous sports confondus. Je me suis également essayé au cinéma en incarnant mon propre rôle dans le film "Les Looney Tunes Passent à l'action". Michael Jordan
56%
Je suis l'un des rares artistes à avoir connu le succès dans 3 différents médias de divertissement dans le monde: cinéma, télévision et musique. Depuis 1997, je suis marié avec une actrice et chanteuse avec qui nous avons eu 2 enfants: Jaden et Willow. Will Smith
56%
Mon nom de naissance est Farrokh Bulsara. Je suis né en 1946 et décédé en 1991 par une maladie mortelle à l'époque. Je me suis fait connaitre en fondant mon groupe de rock. Freddie Mercury
53%
Je suis un acteur, scénariste et producteur de cinéma né en 1974 à Los Angeles. J'ai commencé ma carrière dès l'enfance mais je suis devenu célèbre en incarnant le héros romantique Jack Dawson dans un film dramatique. Léonardo Dicaprio
53%
Je m'appelle Stefani Germanotta mais on me connait sous mon nom de scène. Je suis une chanteuse américaine et j'ai révélé mes talents d'actrice en jouant en 2018 dans un film musico-dramatique. Lady Gaga
52%
Né en 1946, je suis un acteur américain ayant débuté ma carrière par de petits rôles au début des années 1970. J'ai connu la gloire en interprétant le personnage de Rocky Balboa qui m'a valu d'être nommé aux Oscars et aux Golden Globes. Sylvester Stallone
52%
Je suis un chanteur, pianiste et compositeur britannique né en 1947 ayant vendu plus de 300 millions de disques en 50 ans de carrière. En 2019, un biopic est sorti retraçant ma vie. Elton John
51%
Je suis un chanteur et acteur américain surnommé "The King" et considéré comme l'une des icônes culturelles majeures du XXème siècle. Je me suis illustré dans de nombreux genres musicaux ce qui m'a permis d'être l'un des plus gros vendeurs de disques de tous les temps. Elvis Presley
51%
Je suis mort en 2011 à 56 ans des suites d'un cancer du pancréas. Inventeur américain, j'ai souvent été qualifié de visionnaire en étant le pionné de l'avènement de l'ordinateur portable, du baladeur numérique, du smartphone et de la tablette tactile. Steve Jobs
49%
Je suis un acteur, mannequin (notamment pour Dior) et musicien anglais né en 1986. Je me suis fait connaitre en jouant dans une célèbre saga suivant les aventures de vampires et loups garou. Robert Pattinson
48%
Acteur né en 1978, j'accède à la notoriété en formant un célèbre duo pour la télévision. En 2011, je m'attaque au cinéma, ce qui me réussit puisque l'un des films dans lequel je joue est devenu le 3ème plus gros succès du cinéma français. Ce succès m'a ouvert les portes d'Hollywood. Omar Sy
44%
Je suis un acteur américain né en 1980. Je me suis fait connaitre du grand public en 2011 dans le film Crazy Stupid Love aux côtés d'Emma Stone. J'ai d'ailleurs collaboré de nombreuses fois avec cette actrice, notamment dans un film qui m'a permis de remporter le Golden Globe du meilleur acteur dans un film musical. Ryan Gosling
44%
Ecrivain américain né en 1947, je publie mon premier roman en 1974 et devient rapidement célèbre pour mes contributions dans le domaine de l'horreur mais également dans le fantastique, la science-fiction et les romans policiers. Ainsi, j'ai publié plus de 60 romans, dont 7 sous le nom de plume de Richard Bachman. Stephen King
44%
Je suis une actrice israëlo-américaine née en 1981 à Jérusalem. J'ai fais mes débuts au cinéma à 12 ans en jouant aux côtés de Jean Reno. J'ai par la suite joué dans de nombreux blockbusters qui m'ont permis de me faire connaitre et de remporter plusieurs Golden Globes. Natalie Portman
42%
Je suis une chanteuse née en 1993 en Floride. J'ai commencé ma carrière en tant qu'actrice dans une sitcom diffusée sur Nickelodéon avant de sortir mon premier album en 2013 et de faire la première partie des concerts de Justin Bieber. Ariana Grande
41%
Né en 1987, je suis un acteur américain devenu célèbre à 18 ans grâce au rôle de Troy Bolton dans une comédie musicale pour jeune public. Par la suite, j'ai continué d'interpéter des rôles pour la même cible.En 2019, j'ai changé de registre en incarnant le tueur en série Ted Bundy dans le film "Extremely Wicked, Shocking Evil and Vile". Zac Efron
39%
Je suis une actrice et productrice américaine née en 1990. J'ai été révélée en 2010 dans le film indépendant Winter's Bone pour lequel j'ai été nommée à l'Oscar de la meilleure actrice. Mais j'accède à la notoriété en 2012 en incarnant une héroine de science fiction dans une célèbre saga. Jennifer Lawrence
38%
Mon nom de naissance est Katheryn Elizabeth Hudson. Je suis une chanteuse pop ayant fait de nombreuses collaborations, notamment avec Kanye West, Snoop Dog ou Nicki Minaj. Je suis fiancée depuis la Saint Valentin 2019 à un célèbre acteur. Katy Perry
38%
Je suis un célèbre réalisateur américain et jouant quelques fois dans certains de mes films. Mon style fait ma renommée avec des scènes esthétiques d'une violence extrêmes inspirées de films d'exploitation, d'arts martiaux ou de western spaghetti. Quentin Tarantino
37%
Je suis un réalisateur et producteur à l'origine du premier blockbuster de l'histoire du cinéma. J'ai par la suite enchainé les succès internationaux qui m'ont permis d'être considéré comme le meilleur représentant de l'industrie cinématographique hollywoodienne et d'obtenir le surnom de "The Entertainment King". Steven Spielberg
37%
Je suis un acteur américain né en 1942. Mes collaborations avec George Lucas m'ont permis d'accéder au rang de vedette internationale. Parallèlement, j'ai collaboré avec d'autres grands cinéastes comme Francis Ford Coppola ou Ridley Scott. Harrison Ford
33%
Je suis un chanteur, compositeur, danseur et acteur américain né en 1981. J'ai débuté dans un boysband avant de poursuivre ma carrière en solo. J'ai notamment été en couple pendant 3 ans avec une chanteuse avant de nous séparer à cause de ses infidélités. Justin Timberlake
33%
Née en 1958, j'anime depuis 2003 un talkshow quotidien sur NBC étant l'un des plus connus au monde et qui a reçu de nombreuses récompenses. En 2014, j'ai présentée pour la seconde fois la cérémonie des Oscars durant laquelle j'ai pris un célèbre selfie. Ellen DeGeneres
32%
Je suis un acteur, réalisateur et producteur de cinéma américain né en 1930. Outre les rôles que j'ai interprété, j'ai réalisé plus de 35 films parmis lesquels Impitoyable, Sur la route de Madison ou encore American Sniper. Clint Eastwood
28%
Mannequin britannique surnommée "la Brindille", j'ai débuté ma carrière à l'âge de 15 ans, mais c'est la campagne de publicité pour Calvin Klein qui m'a propulsé sur le devant de la scène. En faisant la couverture de prestigieux magazines, je suis devenue une icône de la mode omniprésente. Kate Moss
27%
Je suis un acteur et réalisateur américain ayant remporté de nombreuses distinctions, dont 2 Oscars pour le film Philadelphia. Les nombreux films dans lesquels je joue m'ont permis de devenir l'acteur le plus prolifique de l'histoire du cinéma. Tom Hanks
27%
Je suis une actrice américaine tout comme mon frère, ma soeur et ma nièce. J'ai été révélée en 1990 en jouant dans une célèbre comédie romantique. Mais ce n'est qu'en 2001 que j'ai obtenu l'ultime consécration en recevant l'Oscar de la meilleure actrice. Julia Roberts
25%
Je suis un acteur américain né en 1965 à New York. J'ai été nommé en 1993 à l'Oscar du meilleur acteur pour mon interprétation de Charlie Chaplin avant de connaitre un passage à vide du fait de problèmes de drogues et d'alcool qui m'ont conduit en prison. Robert Downey Jr
20%
Mon vrai nom est Peter Gene Hernandez et je suis né en 1985 à Hawaï. Mon premier album "Doo-Wops and the Hooligans" est sorti en 2010 et a été un véritable succès. Bruno Mars
19%
Mon vrai prénom est David. Je suis un acteur réalisateur et producteur britannique né en 1972 jouant dans de nombreux films. J'ai notamment donné la réplique à Robert Downey Jr en 2009. Jude Law
13%
Aucun quiz correspondant
Distribution des résultats
% des personnes avec chaque résultat
Percentile par nombre de réponses
Votre historique - résultats
Vous n’avez pas pris ce quiz